[Event "Stay Safe Play From Home 424"]
[Site "Emanuel Lasker Arena"]
[Date "2020.08.31"]
[Round "8"]
[White "NTBT_DHS"]
[Black "IceQueen"]
[Result "1-0"]
[WhiteElo "2572"]
[BlackElo "2453"]
[PlyCount "87"]
[EventDate "2020.08.31"]
[EventType "swiss (blitz)"]

1. d4 {[%emt 0:00:01]} c5 {[%emt 0:00:00]} 2. Nc3 {[%emt 0:00:00]} cxd4 {[%emt 0:00:01]} 3. Qxd4 {[%emt 0:00:00]} Nc6 {[%emt 0:00:00]} 4. Qh4 {[%emt 0:00:00]} Nf6 {[%emt 0:00:00]} 5. e4 {[%emt 0:00:00]} Qb6 {[%emt 0:00:00]} 6. Nf3 {[%emt 0:00:01]} d6 {[%emt 0:00:01]} 7. Bc4 {[%emt 0:00:01]} Be6 {[%emt 0:00:01]} 8. Bxe6 {[%emt 0:00:01]} fxe6 {[%emt 0:00:00]} 9. O-O {[%emt 0:00:00]} O-O-O {[%emt 0:00:01]} 10. Ng5 {[%emt 0:00:01]} Nd4 {[%emt 0:00:02]} 11. Be3 {[%emt 0:00:00]} e5 {[%emt 0:00:01]} 12. Ne6 {[%emt 0:00:01]} Re8 {[%emt 0:00:03]} 13. Rad1 {[%emt 0:00:02]} Qxb2 {[%emt 0:00:02]} 14. Nxd4 {[%emt 0:00:02]} Qxc3 {[%emt 0:00:02]} 15. Rd3 {[%emt 0:00:00]} Qc4 {[%emt 0:00:02]} 16. Ne2 {[%emt 0:00:02]} Qxe4 {[%emt 0:00:02]} 17. Qh3+ {[%emt 0:00:00]} e6 {[%emt 0:00:01]} 18. f3 {[%emt 0:00:01]} Qc6 {[%emt 0:00:01]} 19. Rc3 {[%emt 0:00:01]} Nd5 {[%emt 0:00:01]} 20. Rxc6+ {[%emt 0:00:01]} bxc6 {[%emt 0:00:00]} 21. Bxa7 {[%emt 0:00:01]} Be7 {[%emt 0:00:01]} 22. Qxe6+ {[%emt 0:00:02]} Kc7 {[%emt 0:00:00]} 23. Bf2 {[%emt 0:00:00]} Rhf8 {[%emt 0:00:01]} 24. Qh3 {[%emt 0:00:01]} h6 {[%emt 0:00:01]} 25. c4 {[%emt 0:00:00]} Nf6 {[%emt 0:00:03]} 26. Rb1 {[%emt 0:00:01]} Rb8 {[%emt 0:00:00]} 27. Rxb8 {[%emt 0:00:02]} Rxb8 {[%emt 0:00:00]} 28. g3 {[%emt 0:00:02]} Rb2 {[%emt 0:00:01]} 29. Nc3 {[%emt 0:00:01]} Rc2 {[%emt 0:00:01]} 30. Qe6 {[%emt 0:00:01]} Kd8 {[%emt 0:00:02]} 31. Ne4 {[%emt 0:00:02]} Nxe4 {[%emt 0:00:02]} 32. fxe4 {[%emt 0:00:00]} Rxa2 {[%emt 0:00:02]} 33. Bb6+ {[%emt 0:00:01]} Ke8 {[%emt 0:00:00]} 34. Qc8+ {[%emt 0:00:01]} Kf7 {[%emt 0:00:01]} 35. Qxc6 {[%emt 0:00:00]} h5 {[%emt 0:00:04]} 36. Qd5+ {[%emt 0:00:01]} Kf6 {[%emt 0:00:02]} 37. Be3 {[%emt 0:00:00]} Ra3 {[%emt 0:00:01]} 38. Kf2 {[%emt 0:00:01]} Ra2+ {[%emt 0:00:01]} 39. Kg1 {[%emt 0:00:01]} h4 {[%emt 0:00:00]} 40. gxh4 {[%emt 0:00:01]} Re2 {[%emt 0:00:02]} 41. Bg5+ {[%emt 0:00:01]} Kg6 {[%emt 0:00:02]} 42. Qe6+ {[%emt 0:00:00]} Bf6 {[%emt 0:00:01]} 43. Bxf6 {[%emt 0:00:00]} gxf6 {[%emt 0:00:00]} 44. Qg4+ {[%emt 0:00:00] IceQueen resigns IceQueen resigns IceQueen resigns (Lag: Av=0.70s, max=1.2s) (Lag: Av=0.70s, max=1.2s) (Lag: Av=0.70s, max=1.2s)} 1-0

[Event "Stay Safe Play From Home 424"]
[Site "Emanuel Lasker Arena"]
[Date "2020.08.31"]
[Round "8"]
[White "eidgenosse"]
[Black "Tran Minh Thang"]
[Result "0-1"]
[WhiteElo "2461"]
[BlackElo "2492"]
[PlyCount "148"]
[EventDate "2020.08.31"]
[EventType "swiss (blitz)"]

1. Nf3 {[%emt 0:00:01]} Nf6 {[%emt 0:00:01]} 2. g3 {[%emt 0:00:00]} g6 {[%emt 0:00:00]} 3. Bg2 {[%emt 0:00:00]} Bg7 {[%emt 0:00:00]} 4. O-O {[%emt 0:00:00]} O-O {[%emt 0:00:00]} 5. d4 {[%emt 0:00:00]} d5 {[%emt 0:00:00]} 6. Bf4 {[%emt 0:00:01]} c5 {[%emt 0:00:01]} 7. c3 {[%emt 0:00:01]} Qb6 {[%emt 0:00:01]} 8. Qb3 {[%emt 0:00:01]} Nbd7 {[%emt 0:00:01]} 9. Nbd2 {[%emt 0:00:01]} c4 {[%emt 0:00:01]} 10. Qc2 {[%emt 0:00:01]} Nb8 {[%emt 0:00:02]} 11. Ne5 {[%emt 0:00:01]} Bf5 {[%emt 0:00:01]} 12. e4 {[%emt 0:00:00]} dxe4 {[%emt 0:00:01]} 13. Nxe4 {[%emt 0:00:00]} Nc6 {[%emt 0:00:01]} 14. Qe2 {[%emt 0:00:02]} Nxe4 {[%emt 0:00:01]} 15. Bxe4 {[%emt 0:00:01]} Bxe4 {[%emt 0:00:00]} 16. Qxe4 {[%emt 0:00:00]} Nxe5 {[%emt 0:00:00]} 17. dxe5 {[%emt 0:00:01]} Qxb2 {[%emt 0:00:01]} 18. Qxc4 {[%emt 0:00:01]} Rac8 {[%emt 0:00:00]} 19. Qe4 {[%emt 0:00:02]} Rxc3 {[%emt 0:00:04]} 20. Rab1 {[%emt 0:00:01]} Qxa2 {[%emt 0:00:01]} 21. Rxb7 {[%emt 0:00:01]} Re8 {[%emt 0:00:05]} 22. Rfb1 {[%emt 0:00:03]} a5 {[%emt 0:00:05]} 23. Rb8 {[%emt 0:00:04]} Rcc8 {[%emt 0:00:01]} 24. Rxc8 {[%emt 0:00:02]} Rxc8 {[%emt 0:00:00]} 25. h4 {[%emt 0:00:00]} Qc4 {[%emt 0:00:03]} 26. Qb7 {[%emt 0:00:03]} Bf8 {[%emt 0:00:02]} 27. Ra1 {[%emt 0:00:04]} Rc5 {[%emt 0:00:04]} 28. Qa8 {[%emt 0:00:04]} Qd5 {[%emt 0:00:01]} 29. Qe8 {[%emt 0:00:03]} h6 {[%emt 0:00:01]} 30. Rb1 {[%emt 0:00:01]} Qc6 {[%emt 0:00:06]} 31. Qb8 {[%emt 0:00:04]} Qc8 {[%emt 0:00:05]} 32. Qb6 {[%emt 0:00:02]} Kg7 {[%emt 0:00:02]} 33. e6 {[%emt 0:00:01]} f6 {[%emt 0:00:01]} 34. g4 {[%emt 0:00:01]} Rc6 {[%emt 0:00:01]} 35. Qb8 {[%emt 0:00:02]} Qxe6 {[%emt 0:00:00]} 36. g5 {[%emt 0:00:01]} Qg4+ {[%emt 0:00:01]} 37. Bg3 {[%emt 0:00:01]} hxg5 {[%emt 0:00:00]} 38. hxg5 {[%emt 0:00:00]} Qf5 {[%emt 0:00:00]} 39. Qb2 {[%emt 0:00:00]} Qxg5 {[%emt 0:00:01]} 40. Qb5 {[%emt 0:00:01]} Qxb5 {[%emt 0:00:01]} 41. Rxb5 {[%emt 0:00:00]} Ra6 {[%emt 0:00:00]} 42. Bc7 {[%emt 0:00:01]} a4 {[%emt 0:00:00]} 43. Rb3 {[%emt 0:00:00]} a3 {[%emt 0:00:00]} 44. Rb1 {[%emt 0:00:01]} a2 {[%emt 0:00:00]} 45. Ra1 {[%emt 0:00:00]} Kf7 {[%emt 0:00:00]} 46. Bf4 {[%emt 0:00:01]} f5 {[%emt 0:00:00]} 47. Bd2 {[%emt 0:00:00]} Bg7 {[%emt 0:00:00]} 48. Rxa2 {[%emt 0:00:00]} Rxa2 {[%emt 0:00:01]} 49. Be3 {[%emt 0:00:00]} Ra3 {[%emt 0:00:00]} 50. Kg2 {[%emt 0:00:00]} Rb3 {[%emt 0:00:00]} 51. Bf4 {[%emt 0:00:00]} Bf6 {[%emt 0:00:00]} 52. Bg3 {[%emt 0:00:00]} e5 {[%emt 0:00:00]} 53. f3 {[%emt 0:00:00]} f4 {[%emt 0:00:00]} 54. Bf2 {[%emt 0:00:00]} Rb2 {[%emt 0:00:00]} 55. Kg1 {[%emt 0:00:00]} Rxf2 {[%emt 0:00:00]} 56. Kxf2 {[%emt 0:00:01]} Bg5 {[%emt 0:00:00]} 57. Ke2 {[%emt 0:00:00]} Kf6 {[%emt 0:00:00]} 58. Kd3 {[%emt 0:00:00]} Kf5 {[%emt 0:00:00]} 59. Ke2 {[%emt 0:00:00]} Bh4 {[%emt 0:00:00]} 60. Kf1 {[%emt 0:00:01]} g5 {[%emt 0:00:00]} 61. Ke2 {[%emt 0:00:00]} g4 {[%emt 0:00:00]} 62. fxg4+ {[%emt 0:00:00]} Kxg4 {[%emt 0:00:00]} 63. Kd3 {[%emt 0:00:00]} e4+ {[%emt 0:00:00]} 64. Kc4 {[%emt 0:00:00]} f3 {[%emt 0:00:00]} 65. Kd5 {[%emt 0:00:00]} Kg3 {[%emt 0:00:00]} 66. Kc4 {[%emt 0:00:00]} f2 {[%emt 0:00:00]} 67. Kd5 {[%emt 0:00:00]} f1=Q {[%emt 0:00:00]} 68. Kc6 {[%emt 0:00:00]} Qf3 {[%emt 0:00:00]} 69. Kd7 {[%emt 0:00:00]} e3 {[%emt 0:00:00]} 70. Kc8 {[%emt 0:00:00]} e2 {[%emt 0:00:00]} 71. Kb8 {[%emt 0:00:01]} e1=Q {[%emt 0:00:00]} 72. Ka7 {[%emt 0:00:00] . . .} Qd3 {[%emt 0:00:00]} 73. Kb8 {[%emt 0:00:00]} Qc1 {[%emt 0:00:00]} 74. Ka8 {[%emt 0:00:00]} Qb3 {[%emt 0:00:00] Zeit Zeit Zeit (Lag: Av=0.62s, max=1.1s) (Lag: Av=0.62s, max=1.1s) (Lag: Av=0.62s, max=1.1s)} 0-1

[Event "Stay Safe Play From Home 424"]
[Site "Emanuel Lasker Arena"]
[Date "2020.08.31"]
[Round "8"]
[White "Lazieri3"]
[Black "Gokerkan"]
[Result "1/2-1/2"]
[WhiteElo "2075"]
[BlackElo "2617"]
[PlyCount "142"]
[EventDate "2020.08.31"]
[EventType "swiss (blitz)"]

1. e4 {[%emt 0:00:01]} c6 {[%emt 0:00:00]} 2. Nc3 {[%emt 0:00:00]} d5 {[%emt 0:00:00]} 3. d4 {[%emt 0:00:00]} Nf6 {[%emt 0:00:01]} 4. exd5 {[%emt 0:00:01]} cxd5 {[%emt 0:00:01]} 5. Bf4 {[%emt 0:00:01]} Nc6 {[%emt 0:00:00]} 6. Nf3 {[%emt 0:00:00]} a6 {[%emt 0:00:01]} 7. Bd3 {[%emt 0:00:00]} Bg4 {[%emt 0:00:01]} 8. O-O {[%emt 0:00:01]} e6 {[%emt 0:00:01]} 9. Be2 {[%emt 0:00:02]} Bb4 {[%emt 0:00:01]} 10. Ne5 {[%emt 0:00:01]} Bxe2 {[%emt 0:00:01]} 11. Nxe2 {[%emt 0:00:01]} Nxe5 {[%emt 0:00:01]} 12. Bxe5 {[%emt 0:00:00]} O-O {[%emt 0:00:01]} 13. c3 {[%emt 0:00:01]} Bd6 {[%emt 0:00:01]} 14. Bxd6 {[%emt 0:00:00]} Qxd6 {[%emt 0:00:00]} 15. Ng3 {[%emt 0:00:00]} b5 {[%emt 0:00:01]} 16. a3 {[%emt 0:00:01]} a5 {[%emt 0:00:01]} 17. Nh5 {[%emt 0:00:01]} Nxh5 {[%emt 0:00:03]} 18. Qxh5 {[%emt 0:00:00]} b4 {[%emt 0:00:00]} 19. axb4 {[%emt 0:00:01]} axb4 {[%emt 0:00:00]} 20. Qe5 {[%emt 0:00:02]} Qxe5 {[%emt 0:00:01]} 21. dxe5 {[%emt 0:00:00]} bxc3 {[%emt 0:00:00]} 22. bxc3 {[%emt 0:00:00]} Rac8 {[%emt 0:00:00]} 23. Rfc1 {[%emt 0:00:01]} Rc4 {[%emt 0:00:01]} 24. Ra3 {[%emt 0:00:07]} Rfc8 {[%emt 0:00:00]} 25. Rca1 {[%emt 0:00:01]} g6 {[%emt 0:00:05]} 26. g3 {[%emt 0:00:01]} Rxc3 {[%emt 0:00:01]} 27. Rxc3 {[%emt 0:00:00]} Rxc3 {[%emt 0:00:00]} 28. f4 {[%emt 0:00:00]} Kg7 {[%emt 0:00:03]} 29. Ra2 {[%emt 0:00:01]} g5 {[%emt 0:00:01]} 30. fxg5 {[%emt 0:00:04]} Kg6 {[%emt 0:00:00]} 31. Rf2 {[%emt 0:00:01]} Re3 {[%emt 0:00:02]} 32. Rf6+ {[%emt 0:00:03]} Kg7 {[%emt 0:00:00]} 33. Kg2 {[%emt 0:00:01]} Rxe5 {[%emt 0:00:01]} 34. h4 {[%emt 0:00:00]} Rf5 {[%emt 0:00:06]} 35. Rh6 {[%emt 0:00:03]} f6 {[%emt 0:00:07]} 36. Kh3 {[%emt 0:00:06]} d4 {[%emt 0:00:05]} 37. g4 {[%emt 0:00:02]} Rf4 {[%emt 0:00:03]} 38. Kg3 {[%emt 0:00:01]} e5 {[%emt 0:00:00]} 39. Rh5 {[%emt 0:00:05]} d3 {[%emt 0:00:02]} 40. gxf6+ {[%emt 0:00:01]} Kxf6 {[%emt 0:00:00]} 41. Rh6+ {[%emt 0:00:01]} Ke7 {[%emt 0:00:02]} 42. Rxh7+ {[%emt 0:00:01]} Rf7 {[%emt 0:00:00]} 43. Rxf7+ {[%emt 0:00:01]} Kxf7 {[%emt 0:00:00]} 44. Kf3 {[%emt 0:00:00]} e4+ {[%emt 0:00:00]} 45. Ke3 {[%emt 0:00:00]} Kf6 {[%emt 0:00:00]} 46. h5 {[%emt 0:00:00]} Kg7 {[%emt 0:00:01]} 47. Kf2 {[%emt 0:00:00]} Kh6 {[%emt 0:00:00]} 48. Ke3 {[%emt 0:00:00]} Kg5 {[%emt 0:00:00]} 49. Kd2 {[%emt 0:00:00]} Kh6 {[%emt 0:00:00]} 50. Ke3 {[%emt 0:00:01]} Kh7 {[%emt 0:00:00]} 51. Kd2 {[%emt 0:00:01]} Kg7 {[%emt 0:00:00]} 52. Ke3 {[%emt 0:00:00]} Kf7 {[%emt 0:00:00]} 53. Kd2 {[%emt 0:00:00]} Kf8 {[%emt 0:00:00]} 54. Ke3 {[%emt 0:00:00]} Ke7 {[%emt 0:00:00]} 55. g5 {[%emt 0:00:00]} Kf7 {[%emt 0:00:01]} 56. g6+ {[%emt 0:00:00]} Kg7 {[%emt 0:00:00]} 57. Kd2 {[%emt 0:00:00]} Kh6 {[%emt 0:00:00]} 58. Ke3 {[%emt 0:00:00]} Kg7 {[%emt 0:00:00]} 59. Kd2 {[%emt 0:00:00]} Kg8 {[%emt 0:00:00]} 60. Ke3 {[%emt 0:00:00]} Kh8 {[%emt 0:00:00]} 61. Kd2 {[%emt 0:00:00]} Kg7 {[%emt 0:00:00]} 62. Ke3 {[%emt 0:00:00]} Kh6 {[%emt 0:00:00]} 63. Kd2 {[%emt 0:00:01]} Kxh5 {[%emt 0:00:00]} 64. Ke3 {[%emt 0:00:00]} Kxg6 {[%emt 0:00:00]} 65. Kd2 {[%emt 0:00:00]} Kf5 {[%emt 0:00:00]} 66. Ke3 {[%emt 0:00:00]} Ke5 {[%emt 0:00:00]} 67. Kd2 {[%emt 0:00:00]} Kd4 {[%emt 0:00:00]} 68. Ke1 {[%emt 0:00:00]} e3 {[%emt 0:00:00]} 69. Kd1 {[%emt 0:00:00]} Kc3 {[%emt 0:00:00]} 70. Ke1 {[%emt 0:00:00]} d2+ {[%emt 0:00:00]} 71. Kd1 {[%emt 0:00:00]} Kd3 {[%emt 0:00:00] (Lag: Av=0.58s, max=1.0s) (Lag: Av=0.58s, max=1.0s) (Lag: Av=0.58s, max=1.0s)} 1/2-1/2

[Event "Stay Safe Play From Home 424"]
[Site "Emanuel Lasker Arena"]
[Date "2020.08.31"]
[Round "8"]
[White "Stefanone"]
[Black "KING o KONG"]
[Result "1-0"]
[WhiteElo "1990"]
[BlackElo "982"]
[Annotator "NA"]
[PlyCount "45"]
[EventDate "2020.08.31"]
[EventType "swiss (blitz)"]

1. d4 {[%emt 0:00:01]} e6 {[%emt 0:00:01]} 2. e3 {[%emt 0:00:00]} d6 {[%emt 0:00:01]} 3. f4 {[%emt 0:00:00]} b6 {[%emt 0:00:01]} 4. Nf3 {[%emt 0:00:00]} Bb7 {[%emt 0:00:01]} 5. Bd3 {[%emt 0:00:00]} g6 {[%emt 0:00:02]} 6. Qe2 {[%emt 0:00:00]} Be7 {[%emt 0:00:01]} 7. Nbd2 {[%emt 0:00:00]} Nf6 {[%emt 0:00:01]} 8. c3 {[%emt 0:00:00]} Ng4 {[%emt 0:00:01]} 9. O-O {[%emt 0:00:01]} d5 {[%emt 0:00:06]} 10. Ne5 {[%emt 0:00:01]} Bd6 {[%emt 0:00:04]} 11. Nxg4 {[%emt 0:00:01]} Qd7 {[%emt 0:00:04]} 12. Ne5 {[%emt 0:00:01]} Bxe5 {[%emt 0:00:03]} 13. fxe5 {[%emt 0:00:00]} Qe7 {[%emt 0:00:01]} 14. e4 {[%emt 0:00:00]} dxe4 {[%emt 0:00:03]} 15. Nxe4 {[%emt 0:00:01]} f5 {[%emt 0:00:07]} 16. exf6 {[%emt 0:00:02]} Qf7 {[%emt 0:00:01]} 17. Ng5 {[%emt 0:00:01]} Qd7 {[%emt 0:00:05]} 18. f7+ {[%emt 0:00:02]} Ke7 {[%emt 0:00:01]} 19. Qf2 {[%emt 0:00:02]} h6 {[%emt 0:00:03]} 20. Qf6+ {[%emt 0:00:00]} Kd6 {[%emt 0:00:03]} 21. Qxh8 {[%emt 0:00:04]} Bxg2 {[%emt 0:00:03]} 22. Qe5+ {[%emt 0:00:01]} Ke7 {[%emt 0:00:02]} 23. f8=Q# {[%emt 0:00:00] (Lag: Av=0.24s, max=0.3s) (Lag: Av=0.24s, max=0.3s) (Lag: Av=0.24s, max=0.3s) Mate Mate Mate} 1-0

[Event "Stay Safe Play From Home 424"]
[Site "Emanuel Lasker Arena"]
[Date "2020.08.31"]
[Round "8"]
[White "Omerseyman"]
[Black "Nguyen Hong Anh"]
[Result "0-1"]
[WhiteElo "1815"]
[BlackElo "2343"]
[PlyCount "108"]
[EventDate "2020.08.31"]
[EventType "swiss (blitz)"]

1. e4 {[%emt 0:00:01]} c5 {[%emt 0:00:01]} 2. Nc3 {[%emt 0:00:01]} Nc6 {[%emt 0:00:01]} 3. g3 {[%emt 0:00:01]} g6 {[%emt 0:00:01]} 4. Bg2 {[%emt 0:00:01]} Bg7 {[%emt 0:00:00]} 5. d3 {[%emt 0:00:01]} Nf6 {[%emt 0:00:01]} 6. f4 {[%emt 0:00:02]} O-O {[%emt 0:00:01]} 7. Nf3 {[%emt 0:00:00]} e6 {[%emt 0:00:01]} 8. O-O {[%emt 0:00:01]} d5 {[%emt 0:00:01]} 9. e5 {[%emt 0:00:01]} Nd7 {[%emt 0:00:01]} 10. h3 {[%emt 0:00:01]} f6 {[%emt 0:00:01]} 11. exf6 {[%emt 0:00:01]} Nxf6 {[%emt 0:00:01]} 12. Re1 {[%emt 0:00:01]} Re8 {[%emt 0:00:01]} 13. Ne5 {[%emt 0:00:01]} Nxe5 {[%emt 0:00:02]} 14. Rxe5 {[%emt 0:00:00]} Nd7 {[%emt 0:00:01]} 15. Re1 {[%emt 0:00:01]} Rb8 {[%emt 0:00:01]} 16. Ne2 {[%emt 0:00:04]} b5 {[%emt 0:00:01]} 17. Kh2 {[%emt 0:00:01]} b4 {[%emt 0:00:01]} 18. Ng1 {[%emt 0:00:02]} a5 {[%emt 0:00:01]} 19. Nf3 {[%emt 0:00:01]} a4 {[%emt 0:00:01]} 20. Rb1 {[%emt 0:00:00]} b3 {[%emt 0:00:01]} 21. axb3 {[%emt 0:00:01]} axb3 {[%emt 0:00:00]} 22. c3 {[%emt 0:00:01]} c4 {[%emt 0:00:03]} 23. d4 {[%emt 0:00:01]} Nf6 {[%emt 0:00:01]} 24. Ng5 {[%emt 0:00:03]} h6 {[%emt 0:00:02]} 25. Nf3 {[%emt 0:00:02]} Bd7 {[%emt 0:00:01]} 26. Ne5 {[%emt 0:00:01]} Kh7 {[%emt 0:00:01]} 27. h4 {[%emt 0:00:03]} Re7 {[%emt 0:00:01]} 28. Bh3 {[%emt 0:00:01]} Be8 {[%emt 0:00:01]} 29. Ng4 {[%emt 0:00:01]} Ne4 {[%emt 0:00:01]} 30. Qe2 {[%emt 0:00:03]} Bf7 {[%emt 0:00:02]} 31. Nf2 {[%emt 0:00:01]} Nf6 {[%emt 0:00:01]} 32. Ng4 {[%emt 0:00:02]} Nh5 {[%emt 0:00:01]} 33. Ne5 {[%emt 0:00:02]} Be8 {[%emt 0:00:02]} 34. g4 {[%emt 0:00:03]} Nf6 {[%emt 0:00:01]} 35. g5 {[%emt 0:00:01]} Ne4 {[%emt 0:00:01]} 36. Bg2 {[%emt 0:00:02]} Reb7 {[%emt 0:00:02]} 37. Bxe4 {[%emt 0:00:02]} dxe4 {[%emt 0:00:00]} 38. Qxe4 {[%emt 0:00:00]} Qe7 {[%emt 0:00:01]} 39. h5 {[%emt 0:00:01]} Qf8 {[%emt 0:00:01]} 40. hxg6+ {[%emt 0:00:01]} Kg8 {[%emt 0:00:01]} 41. gxh6 {[%emt 0:00:01]} Bxh6 {[%emt 0:00:01]} 42. f5 {[%emt 0:00:01]} Qxf5 {[%emt 0:00:01]} 43. Qxf5 {[%emt 0:00:01]} exf5 {[%emt 0:00:01]} 44. Bxh6 {[%emt 0:00:00]} Re7 {[%emt 0:00:02]} 45. Rf1 {[%emt 0:00:03]} Re6 {[%emt 0:00:01]} 46. Rxf5 {[%emt 0:00:01]} Bxg6 {[%emt 0:00:00]} 47. Rg5 {[%emt 0:00:01]} Kh7 {[%emt 0:00:01]} 48. Rbg1 {[%emt 0:00:01]} Kxh6 {[%emt 0:00:01]} 49. Rxg6+ {[%emt 0:00:00]} Rxg6 {[%emt 0:00:00]} 50. Rxg6+ {[%emt 0:00:00]} Kh7 {[%emt 0:00:00]} 51. Kg3 {[%emt 0:00:00]} Rf8 {[%emt 0:00:01]} 52. Kg4 {[%emt 0:00:00]} Rf2 {[%emt 0:00:01]} 53. Kg5 {[%emt 0:00:00]} Rxb2 {[%emt 0:00:00]} 54. Ng4 {[%emt 0:00:00]} Rg2 {[%emt 0:00:02] Zeit Zeit Zeit (Lag: Av=1.30s, max=1.9s) (Lag: Av=1.30s, max=1.9s) (Lag: Av=1.30s, max=1.9s)} 0-1

[Event "Stay Safe Play From Home 424"]
[Site "Emanuel Lasker Arena"]
[Date "2020.08.31"]
[Round "8"]
[White "Haris kollari 13"]
[Black "Klasman"]
[Result "1-0"]
[WhiteElo "1731"]
[BlackElo "1260"]
[Annotator "NA"]
[PlyCount "49"]
[EventDate "2020.08.31"]
[EventType "swiss (blitz)"]

1. e4 {[%emt 0:00:01]} f5 {[%emt 0:00:01]} 2. exf5 {[%emt 0:00:01]} Nf6 {[%emt 0:00:01]} 3. d4 {[%emt 0:00:01]} d5 {[%emt 0:00:01]} 4. c4 {[%emt 0:00:01]} Bxf5 {[%emt 0:00:01]} 5. Nc3 {[%emt 0:00:01]} e6 {[%emt 0:00:04]} 6. Nf3 {[%emt 0:00:01]} Bb4 {[%emt 0:00:01]} 7. Be3 {[%emt 0:00:02]} Ne4 {[%emt 0:00:02]} 8. Qb3 {[%emt 0:00:02]} Nc6 {[%emt 0:00:02]} 9. cxd5 {[%emt 0:00:02]} exd5 {[%emt 0:00:04]} 10. Be2 {[%emt 0:00:03]} Bxc3+ {[%emt 0:00:03]} 11. bxc3 {[%emt 0:00:01]} a5 {[%emt 0:00:03]} 12. O-O {[%emt 0:00:01]} a4 {[%emt 0:00:01]} 13. Qb2 {[%emt 0:00:04]} Rb8 {[%emt 0:00:03]} 14. Rab1 {[%emt 0:00:02]} O-O {[%emt 0:00:01]} 15. Bb5 {[%emt 0:00:01]} Qf6 {[%emt 0:00:03]} 16. Bxa4 {[%emt 0:00:02]} Na5 {[%emt 0:00:03]} 17. Qb5 {[%emt 0:00:03]} c6 {[%emt 0:00:11]} 18. Qxa5 {[%emt 0:00:02]} Bg4 {[%emt 0:00:03]} 19. Ne5 {[%emt 0:00:02]} Nxc3 {[%emt 0:00:03]} 20. Qxc3 {[%emt 0:00:02]} Be2 {[%emt 0:00:03]} 21. Rfe1 {[%emt 0:00:02]} Bc4 {[%emt 0:00:02]} 22. Nxc4 {[%emt 0:00:02]} dxc4 {[%emt 0:00:01]} 23. Qxc4+ {[%emt 0:00:01]} Kh8 {[%emt 0:00:01]} 24. Bb3 {[%emt 0:00:01]} b5 {[%emt 0:00:02]} 25. Qc5 {[%emt 0:00:01] Time Time Time (Lag: Av=0.48s, max=0.8s) (Lag: Av=0.48s, max=0.8s) (Lag: Av=0.48s, max=0.8s)} 1-0

[Event "Stay Safe Play From Home 424"]
[Site "Emanuel Lasker Arena"]
[Date "2020.08.31"]
[Round "9"]
[White "NTBT_DHS"]
[Black "Stefanone"]
[Result "1-0"]
[WhiteElo "2584"]
[BlackElo "1990"]
[PlyCount "51"]
[EventDate "2020.08.31"]
[EventType "swiss (blitz)"]

1. d4 {[%emt 0:00:01]} d5 {[%emt 0:00:01]} 2. c4 {[%emt 0:00:00]} c6 {[%emt 0:00:00]} 3. Nf3 {[%emt 0:00:00]} e6 {[%emt 0:00:00]} 4. e3 {[%emt 0:00:00]} f5 {[%emt 0:00:01]} 5. Nc3 {[%emt 0:00:00]} Nf6 {[%emt 0:00:00]} 6. Bd3 {[%emt 0:00:00]} Bd6 {[%emt 0:00:01]} 7. O-O {[%emt 0:00:00]} O-O {[%emt 0:00:01]} 8. b3 {[%emt 0:00:01]} Nbd7 {[%emt 0:00:01]} 9. Bb2 {[%emt 0:00:00]} Ne4 {[%emt 0:00:01]} 10. Ne2 {[%emt 0:00:01]} Rf6 {[%emt 0:00:01]} 11. Rc1 {[%emt 0:00:01]} g5 {[%emt 0:00:02]} 12. Ne5 {[%emt 0:00:01]} Qc7 {[%emt 0:00:03]} 13. f3 {[%emt 0:00:01]} Nxe5 {[%emt 0:00:04]} 14. dxe5 {[%emt 0:00:01]} Bxe5 {[%emt 0:00:00]} 15. Bxe5 {[%emt 0:00:01]} Qxe5 {[%emt 0:00:00]} 16. fxe4 {[%emt 0:00:00]} dxe4 {[%emt 0:00:00]} 17. Bc2 {[%emt 0:00:00]} f4 {[%emt 0:00:05]} 18. Qd4 {[%emt 0:00:03]} Qf5 {[%emt 0:00:01]} 19. Qxe4 {[%emt 0:00:02]} Qg4 {[%emt 0:00:01]} 20. Qxh7+ {[%emt 0:00:02]} Kf8 {[%emt 0:00:00]} 21. Qh8+ {[%emt 0:00:02]} Kf7 {[%emt 0:00:01]} 22. Qh7+ {[%emt 0:00:01]} Kf8 {[%emt 0:00:01]} 23. Rcd1 {[%emt 0:00:01]} Ke8 {[%emt 0:00:09]} 24. Qh8+ {[%emt 0:00:02]} Ke7 {[%emt 0:00:01]} 25. Rd8 {[%emt 0:00:03]} f3 {[%emt 0:00:01]} 26. Qe8# {[%emt 0:00:01] (Lag: Av=0.61s, max=0.9s) (Lag: Av=0.61s, max=0.9s) (Lag: Av=0.61s, max=0.9s)} 1-0